[Event "Plymouth (MI Op/2/9)"]
[Site "?"]
[Date "1984.??.??"]
[Round "?"]
[White "Brooks, John"]
[Black "Bagherabadi, Mohammed"]
[Result "1-0"]
[WhiteElo "2125"]
[BlackElo "1990"]
[PlyCount "107"]
[EventDate "1984.??.??"]

{2/(9)} 1. d4 Nf6 2. c4 e6 3. Nf3 c5 4. d5 b5 5. dxe6 fxe6 6. cxb5 d5 7. e3 Bb7
8. Ng5 Qb6 9. a4 a5 10. Bd3 e5 11. Nxh7 e4 12. Nxf6+ Qxf6 13. Be2 Nd7 14. f3
Bd6 15. f4 d4 16. Bh5+ g6 17. Bg4 Rd8 18. O-O Nb6 19. Qe1 Nc4 20. Na3 Nxa3 21.
Rxa3 c4 22. Ra2 Bb4 23. Bd2 c3 24. bxc3 dxc3 25. Bc1 Bd5 26. Re2 Bc4 27. Qf2
Qh4 28. h3 Qxf2+ 29. Kxf2 Rh7 30. Rh1 Bxe2 31. Bxe2 Rc7 32. h4 Kf7 33. h5 gxh5
34. Rxh5 Rcd7 35. b6 Rd6 36. Rb5 c2 37. b7 Rb8 38. Bc4+ Ke7 39. Bd5 Kd7 40. Ke2
Kc7 41. Bd2 Bxd2 42. Kxd2 Rbd8 43. Kxc2 Rxd5 44. b8=Q+ Rxb8 45. Rxd5 Rg8 46.
Rg5 Rd8 47. Re5 Rg8 48. Rxe4 Rxg2+ 49. Kd3 Ra2 50. Rd4 Ra3+ 51. Ke4 Rb3 52. f5
Rb6 53. Ke5 Rh6 54. f6 1-0

[Event "East Detroit (MCO/1/21)"]
[Site "?"]
[Date "1984.??.??"]
[Round "?"]
[White "Brattin, Vincent"]
[Black "Swartz, J.."]
[Result "1-0"]
[WhiteElo "1965"]
[BlackElo "1605"]
[PlyCount "71"]
[EventDate "1984.??.??"]

{1/(21)} 1. e4 e5 2. Bc4 Bc5 3. Nf3 Nc6 4. b4 Bxb4 5. c3 Be7 6. d4 d6 7. Qb3
Nh6 8. Bxh6 gxh6 9. Bxf7+ Kf8 10. Bh5 d5 11. Qxd5 Qxd5 12. exd5 e4 13. dxc6
exf3 14. Bxf3 b6 15. Nd2 Ba3 16. Nc4 Be7 17. O-O Ba6 18. Be2 Bb5 19. Rfe1 Bxc6
20. Ne5 Be8 21. Bf3 Rd8 22. Re4 Rd6 23. Rae1 Bg5 24. h4 Bd2 25. R1e2 Bxc3 26.
Nc4 Rd8 27. Rf4+ Bf7 28. Ne5 Rxd4 29. Rxf7+ Ke8 30. Bh5 Kd8 31. Nc6+ Kc8 32.
Nxd4 Bxd4 33. Ree7 b5 34. Rxc7+ Kb8 35. Rb7+ Ka8 36. Bf3 1-0

[Event "Plymouth (MI Op/7/18)"]
[Site "?"]
[Date "1984.??.??"]
[Round "?"]
[White "Brattin, Vincent"]
[Black "Shavalier, J.."]
[Result "0-1"]
[WhiteElo "1835"]
[BlackElo "2065"]
[PlyCount "102"]
[EventDate "1984.??.??"]

{7/(18)} 1. Nc3 c5 2. Nf3 Nc6 3. g3 g6 4. Bg2 Bg7 5. d3 d6 6. O-O e6 7. e4 Nge7
8. Nh4 O-O 9. f4 Nd4 10. Nf3 Rb8 11. Rb1 b5 12. Be3 Nec6 13. Ne2 Qe7 14. c3
Nxe2+ 15. Qxe2 Bd7 16. Bh3 b4 17. Bd2 Rb7 18. cxb4 Nxb4 19. Bxb4 Rxb4 20. e5 d5
21. Nd2 Rfb8 22. b3 a5 23. g4 a4 24. f5 exf5 25. gxf5 gxf5 26. Bxf5 Qg5+ 27.
Qg2 Qxg2+ 28. Kxg2 Bxf5 29. Rxf5 axb3 30. Rxb3 Ra8 31. a3 Rxb3 32. Nxb3 c4 33.
dxc4 dxc4 34. Nc1 Rxa3 35. Rg5 Kf8 36. Rg4 c3 37. Re4 Bh6 38. Ne2 Ra2 39. Kf3
Rxe2 40. Rxe2 Bd2 41. e6 f6 42. Kg4 c2 43. Rxd2 c1=Q 44. Rd8+ Ke7 45. Rd7+ Kxe6
46. Rxh7 f5+ 47. Kf3 Qc3+ 48. Kf2 f4 49. Rh6+ Kf5 50. h4 Qe3+ 51. Kg2 f3+ 0-1

[Event "Battle Creek (Insanity/2/2)"]
[Site "?"]
[Date "1984.??.??"]
[Round "?"]
[White "Brattin, Vincent"]
[Black "Manion, Tom"]
[Result "1-0"]
[WhiteElo "1865"]
[BlackElo "1740"]
[PlyCount "165"]
[EventDate "1984.??.??"]

{2/(2)} 1. Nc3 d6 2. g3 g6 3. Bg2 Bg7 4. d3 Nc6 5. Nh3 Nf6 6. O-O O-O 7. f4 Bd7
8. Kh1 Qc8 9. Nf2 Ng4 10. e3 e5 11. Nxg4 Bxg4 12. Bf3 Bh3 13. Bg2 Bxg2+ 14.
Kxg2 exf4 15. exf4 Nd4 16. Ne2 Nf5 17. c3 Qe6 18. Ng1 Rae8 19. Qf3 c6 20. Bd2
Ne3+ 21. Bxe3 Qxe3 22. Qxe3 Rxe3 23. Rf3 Rfe8 24. Rxe3 Rxe3 25. Rd1 d5 26. Kf2
d4 27. Nf3 c5 28. Ne1 Re6 29. c4 Kf8 30. Nc2 Ke7 31. Re1 a6 32. Rxe6+ fxe6 33.
b4 Kd6 34. Kf3 b5 35. a3 bxc4 36. dxc4 d3 37. Ne3 Bc3 38. b5 axb5 39. cxb5 c4
40. Nxc4+ Kc5 41. b6 Kc6 42. Ke3 d2 43. Nxd2 Kxb6 44. Ne4 Bb2 45. Ng5 h6 46.
Nxe6 Bxa3 47. Ke4 Kc6 48. Nd4+ Kd7 49. f5 g5 50. f6 Bb2 51. Nf5 Ke6 52. Nxh6
Kxf6 53. Ng4+ Kg6 54. Ne3 Bc1 55. Ng4 Kh5 56. Kf5 Bd2 57. Nf6+ Kh6 58. g4 Bc1
59. h3 Be3 60. Ne4 Bc1 61. Nd6 Kg7 62. Ne4 Kh6 63. Kf6 Bb2+ 64. Kf7 Bd4 65. Ng3
Bc3 66. Nf5+ Kh7 67. Ne7 Bb2 68. Ng8 Bc3 69. Nf6+ Kh6 70. Ne4 Bd4 71. Ng3 Bc3
72. Nf5+ Kh7 73. h4 gxh4 74. Nxh4 Kh6 75. Nf3 Bb2 76. g5+ Kh7 77. g6+ Kh8 78.
Ng5 Bc3 79. Ne4 Bd4 80. Nf6 Bxf6 81. Kxf6 Kg8 82. g7 Kh7 83. Kf7 1-0

[Event "Battle Creek (Insanity/6/2)"]
[Site "?"]
[Date "1984.??.??"]
[Round "?"]
[White "Brattin, Vincent"]
[Black "Kulbacki, James"]
[Result "1-0"]
[WhiteElo "1865"]
[BlackElo "2000"]
[PlyCount "45"]
[EventDate "1984.??.??"]

{6/(2)} 1. Nc3 e6 2. b3 b6 3. Bb2 Bb7 4. e3 f5 5. Nf3 Nf6 6. Bd3 Be7 7. Qe2 Ne4
8. h4 d6 9. Bxe4 fxe4 10. Nd4 Qd7 11. Qg4 Kf7 12. Nxe4 e5 13. Qf3+ Kg6 14. h5+
Kh6 15. Nf5+ Qxf5 16. Qxf5 Bc8 17. Qf3 Rf8 18. Qg3 Nc6 19. f4 Bf5 20. Ng5 Nb4
21. Ke2 Rae8 22. e4 exf4 23. Ne6 1-0

[Event "East Detroit (MCO/3/7)"]
[Site "?"]
[Date "1984.??.??"]
[Round "?"]
[White "Brattin, Vincent"]
[Black "Johnson, Ty"]
[Result "0-1"]
[WhiteElo "1965"]
[BlackElo "2105"]
[PlyCount "100"]
[EventDate "1984.??.??"]

{3/(7)} 1. e4 Nf6 2. Nc3 d6 3. Nge2 g6 4. Ng3 c5 5. d3 Nc6 6. Be3 Bg7 7. Be2 h5
8. h3 e5 9. Nd5 Nxd5 10. exd5 Ne7 11. c4 Nf5 12. O-O Nxe3 13. fxe3 Qg5 14. Ne4
Qxe3+ 15. Kh1 Bf8 16. Rf6 Be7 17. Qf1 Bf5 18. Rxf5 gxf5 19. Qxf5 Qxe2 20. Rf1
Rf8 21. Rf2 Qe3 22. Rf3 Qh6 23. Ng3 Qg6 24. Nxh5 Qxf5 25. Rxf5 Rg8 26. g4 Rg5
27. Rxg5 Bxg5 28. Ng7+ Kd7 29. Nf5 Rh8 30. Kg2 Bc1 31. b3 Bf4 32. Ng7 Rg8 33.
Nf5 Rg5 34. Nh4 f6 35. Kf3 Rg8 36. Nf5 Rh8 37. Kg2 b6 38. h4 Bc1 39. Kf3 a6 40.
Kg2 Rg8 41. Kf3 b5 42. Kg3 bxc4 43. dxc4 e4 44. Kh3 e3 45. Ng3 Bb2 46. Ne2 Be5
47. Nc1 a5 48. Ne2 a4 49. h5 axb3 50. axb3 Ke7 0-1

[Event "Plymouth (MI Op/1a/12)"]
[Site "?"]
[Date "1984.??.??"]
[Round "?"]
[White "Brattin, Vincent"]
[Black "Hahn, David"]
[Result "0-1"]
[WhiteElo "1835"]
[BlackElo "2100"]
[PlyCount "60"]
[EventDate "1984.??.??"]

1. Nc3 g6 2. e4 Bg7 3. d3 c6 4. g3 d5 5. Bg2 d4 6. Nce2 c5 7. f4 Nc6 8. Nf3 Bg4
9. O-O Qd7 10. Nh4 Nf6 11. Bf3 O-O-O 12. Bd2 h6 13. Qe1 Rdg8 14. b4 g5 15. Bxg4
Nxg4 16. Nf5 Ne3 17. Bxe3 dxe3 18. Nxg7 Rxg7 19. bxc5 Nd4 20. Rb1 gxf4 21. Nxd4
Qxd4 22. Rxf4 Qxc5 23. Qb4 Qc7 24. Kf1 Rg6 25. Qd4 e5 26. Qxe3 exf4 27. gxf4
Rhg8 28. Rb4 Rg1+ 29. Kf2 Qxc2+ 30. Kf3 Qg2# 0-1

[Event "East Detroit (MCO/5/7)"]
[Site "?"]
[Date "1984.??.??"]
[Round "?"]
[White "Brattin, Vincent"]
[Black "Finegold, Ben"]
[Result "0-1"]
[WhiteElo "1965"]
[BlackElo "2280"]
[PlyCount "86"]
[EventDate "1984.??.??"]

{5/(7)} 1. e4 Nf6 2. Nc3 Nc6 3. Nf3 e5 4. d3 Be7 5. Be2 O-O 6. O-O d5 7. exd5
Nxd5 8. Nxd5 Qxd5 9. Ne1 Nd4 10. c3 Nxe2+ 11. Qxe2 Bf5 12. Be3 Rad8 13. d4 exd4
14. Bxd4 Rfe8 15. Qf3 c5 16. Qxd5 Rxd5 17. Be3 b6 18. Nf3 Red8 19. h3 Be4 20.
Nd2 Bd3 21. Rfe1 Kf8 22. Nf3 Bf6 23. Red1 Ke7 24. Ne1 Bc4 25. Rxd5 Bxd5 26. a3
Bb3 27. Kf1 Ke6 28. Nf3 Kd5 29. Nd2 Bc4+ 30. Ke1 Bd3 31. Rd1 Kc6 32. g3 Re8 33.
Nf1 c4 34. Kd2 Kb5 35. Kc1 Be5 36. Bd2 Bd6 37. Ne3 Bc5 38. Re1 Kc6 39. Nd1 Rxe1
40. Bxe1 Kd5 41. Kd2 Ke4 42. f4 Kf3 43. g4 Kxf4 0-1

[Event "Plymouth (MI Op/3/49)"]
[Site "?"]
[Date "1984.??.??"]
[Round "?"]
[White "Brattin, Vincent"]
[Black "DeJongh, John"]
[Result "1-0"]
[WhiteElo "1835"]
[BlackElo "1605"]
[PlyCount "149"]
[EventDate "1984.??.??"]

{3/(49)} 1. Nc3 d5 2. e4 dxe4 3. Nxe4 e6 4. Nf3 Nf6 5. Bd3 Nc6 6. Qe2 Be7 7. c3
Nd5 8. g3 a6 9. h4 e5 10. Neg5 Bg4 11. Bc4 h6 12. Nxf7 Kxf7 13. Nxe5+ Nxe5 14.
Qxe5 Be6 15. d4 Bf6 16. Qe4 Re8 17. O-O c6 18. h5 Ke7 19. Re1 Kd7 20. Bd3 Bh3
21. Qxe8+ Qxe8 22. Rxe8 Rxe8 23. Bd2 Bg4 24. c4 Nc7 25. Bg6 Re2 26. Bc3 Ne6 27.
Bd3 Bxd4 28. Bxe2 Bxe2 29. Bxd4 Nxd4 30. b3 Bxh5 31. f4 c5 32. Kf2 g5 33. Rh1
Be2 34. Rxh6 gxf4 35. gxf4 Bd3 36. Rh1 a5 37. Ke3 Bf5 38. Rh5 b6 39. Rh1 Kc7
40. Kd2 Kc6 41. Rh6+ Kc7 42. Kc3 Ne2+ 43. Kd2 Nd4 44. Kc3 Bb1 45. Rh2 Bf5 46.
a3 Ne6 47. Re2 Nd4 48. Re5 Bb1 49. Re1 Bf5 50. b4 Nc6 51. bxc5 bxc5 52. Re8 Nd4
53. Re5 Kc6 54. Rd5 Nb5+ 55. Kb3 Nd4+ 56. Ka4 Bc2+ 57. Kxa5 Bb3 58. Rh5 Bxc4
59. f5 Bb3 60. f6 Kd6 61. Kb6 Ne6 62. Rf5 c4 63. Ka5 c3 64. Kb4 c2 65. Rf1 Ba2
66. Kc3 Bb1 67. Kb2 Nf8 68. a4 Kc5 69. Rf4 Kb6 70. Rd4 Ka5 71. Rd8 Ne6 72. Ra8+
Kb6 73. f7 Nc5 74. Rb8+ Kc7 75. Rc8+ 1-0

[Event "Plymouth (MI Op/5/17)"]
[Site "?"]
[Date "1984.??.??"]
[Round "?"]
[White "Brattin, Vincent"]
[Black "Bohley, D.."]
[Result "0-1"]
[WhiteElo "1835"]
[BlackElo "2020"]
[PlyCount "66"]
[EventDate "1984.??.??"]

{5/(17)} 1. Nc3 Nf6 2. e4 d6 3. d3 e5 4. Bg5 Be7 5. Qd2 h6 6. Bxf6 Bxf6 7. Nf3
Nc6 8. Nd5 Be6 9. Nxf6+ Qxf6 10. Be2 O-O-O 11. c3 d5 12. Qc2 Kb8 13. b4 g5 14.
b5 Ne7 15. Nd2 Ng6 16. c4 dxc4 17. dxc4 Nf4 18. g3 Nxe2 19. Kxe2 h5 20. a4 h4
21. a5 Rd4 22. Ra3 Rhd8 23. Rd1 hxg3 24. hxg3 Bg4+ 25. f3 Be6 26. Rc3 Qh6 27.
Ke3 g4+ 28. f4 exf4+ 29. gxf4 Qh3+ 30. Kf2 Qh2+ 31. Ke3 Qg3+ 32. Ke2 Qg2+ 33.
Ke3 Rxd2 0-1

[Event "Battle Creek (Insanity/4/3)"]
[Site "?"]
[Date "1984.??.??"]
[Round "?"]
[White "Brattin, Vincent"]
[Black "Beckwith, Stan"]
[Result "1-0"]
[WhiteElo "1865"]
[BlackElo "1890"]
[PlyCount "99"]
[EventDate "1984.??.??"]

{4/(3)} 1. Nc3 Nf6 2. e4 d5 3. e5 d4 4. exf6 dxc3 5. fxg7 cxd2+ 6. Qxd2 Qxd2+
7. Bxd2 Bxg7 8. O-O-O Be6 9. a3 Nd7 10. Bf4 c6 11. Bd3 Nc5 12. Ne2 Rd8 13. Ng3
Nxd3+ 14. Rxd3 Rxd3 15. cxd3 O-O 16. Nh5 Bh8 17. g4 Rd8 18. Kc2 Rd4 19. Rg1 a6
20. f3 Rd5 21. Bd2 Bd4 22. Re1 Re5 23. Rxe5 Bxe5 24. Nf4 Bd7 25. h3 c5 26. Nd5
e6 27. Nc3 Bc6 28. f4 Bd6 29. Ne4 Be7 30. Bc3 h6 31. Kd2 Kh7 32. Ke3 Kg6 33.
Be1 f5 34. Nf2 b5 35. d4 b4 36. axb4 cxb4 37. Nd3 a5 38. Ne5+ Kg7 39. Nxc6 Bf8
40. Nxa5 fxg4 41. hxg4 Bd6 42. b3 Kg6 43. Nc6 h5 44. gxh5+ Kf5 45. Ne5 Bf8 46.
Nd3 Kg4 47. Bxb4 Bg7 48. Bd6 Kxh5 49. b4 Bf6 50. Nc5 1-0

[Event "Plymouth (MI Op/1a/25)"]
[Site "?"]
[Date "1984.??.??"]
[Round "?"]
[White "Brattin, Brian"]
[Black "White, B.."]
[Result "1-0"]
[WhiteElo "1690"]
[BlackElo "1605"]
[PlyCount "69"]
[EventDate "1984.??.??"]

1. Nf3 f5 2. e3 Nf6 3. d4 e6 4. c4 Be7 5. Nc3 O-O 6. Qc2 d6 7. Bd3 b6 8. e4 Bb7
9. e5 Nh5 10. Bd2 Nd7 11. exd6 cxd6 12. d5 Nc5 13. dxe6 Nxd3+ 14. Qxd3 f4 15.
Nd5 Rc8 16. O-O g6 17. Bc3 Bxd5 18. cxd5 g5 19. Nd4 Qe8 20. Nc6 Rxc6 21. dxc6
Qxc6 22. f3 Nf6 23. Rad1 d5 24. Bxf6 Rxf6 25. Qxd5 Bc5+ 26. Kh1 Qxd5 27. Rxd5
Rxe6 28. Rd8+ Kf7 29. Rd7+ Re7 30. Rxe7+ Kxe7 31. Rd1 Ke6 32. Rd8 Be3 33. Rh8
Bc1 34. Rxh7 Bxb2 35. Rxa7 1-0

[Event "East Detroit (MCO/1/37)"]
[Site "?"]
[Date "1984.??.??"]
[Round "?"]
[White "Brattin, Brian"]
[Black "Tumpkin, R.."]
[Result "1-0"]
[WhiteElo "1735"]
[BlackElo "1605"]
[PlyCount "23"]
[EventDate "1984.??.??"]

{1/(37)} 1. e4 c5 2. Nf3 Nc6 3. d4 cxd4 4. Nxd4 d5 5. Bb5 dxe4 6. Nxc6 Qxd1+ 7.
Kxd1 Bd7 8. Nd4 e5 9. Bxd7+ Kxd7 10. Nb3 Nf6 11. Be3 b6 12. N1d2 1-0

[Event "Battle Creek (Insanity/2/3)"]
[Site "?"]
[Date "1984.??.??"]
[Round "?"]
[White "Brattin, Brian"]
[Black "Smith, Les L"]
[Result "0-1"]
[WhiteElo "1680"]
[BlackElo "1845"]
[PlyCount "92"]
[EventDate "1984.??.??"]

{2/(3)} 1. Nf3 f5 2. b3 Nf6 3. c4 g6 4. Bb2 Bg7 5. Nc3 c6 6. Qc2 a5 7. e4 d6 8.
d4 Na6 9. a3 O-O 10. Bd3 e6 11. O-O Qc7 12. e5 dxe5 13. Nxe5 Nd7 14. f4 Nxe5
15. dxe5 Nc5 16. Rfd1 Qb6 17. Kh1 Qxb3 18. Qxb3 Nxb3 19. Rab1 Nc5 20. Bc2 Bd7
21. Rd2 b5 22. cxb5 cxb5 23. Rbd1 b4 24. axb4 axb4 25. Ne2 Bb5 26. Nd4 Bc4 27.
Bb1 Na4 28. Rc1 Bd5 29. Ne2 Rfc8 30. Bd4 Rxc1+ 31. Nxc1 Nc3 32. Bd3 Ra1 33. Rc2
Bh6 34. Be3 Na2 35. Rc8+ Bf8 36. Kg1 b3 37. Kf2 Nxc1 38. Bxc1 b2 39. Bxb2 Ra2
40. Rb8 Kg7 41. Bb1 Ra4 42. g3 Bc5+ 43. Kf1 Ba7 44. Rc8 Rb4 45. Rc2 Kh6 46. Rd2
Be3 0-1

[Event "East Detroit (MCO/3/32)"]
[Site "?"]
[Date "1984.??.??"]
[Round "?"]
[White "Brattin, Brian"]
[Black "Nixon, Peter"]
[Result "0-1"]
[WhiteElo "1735"]
[BlackElo "1605"]
[PlyCount "84"]
[EventDate "1984.??.??"]

{3/(32)} 1. e4 c5 2. Nf3 Nc6 3. d4 cxd4 4. Nxd4 g6 5. Be3 Bg7 6. Qd2 Nxd4 7.
Bxd4 Nf6 8. Nc3 O-O 9. O-O-O d6 10. Be2 Be6 11. h4 h5 12. f3 Qa5 13. Kb1 a6 14.
Rdg1 b5 15. a3 b4 16. axb4 Qxb4 17. g4 Rfb8 18. b3 Nxe4 19. Nxe4 Bxd4 20. Qxb4
Rxb4 21. Rg2 Kf8 22. gxh5 gxh5 23. Rg5 a5 24. Rxh5 a4 25. Rb5 axb3 26. c3 Rba4
27. cxd4 Ra1+ 28. Kb2 Rxh1 29. d5 Bf5 30. Kxb3 Rb1+ 31. Kc2 Rh1 32. Kd2 Rxh4
33. Ke3 Bxe4 34. fxe4 Ra3+ 35. Kd4 f5 36. Bd3 Ra4+ 37. Ke3 fxe4 38. Bb1 Ra3+
39. Kd2 Rh2+ 40. Kd1 Rg3 41. Rb8+ Kf7 42. Bxe4 Rg1# 0-1

[Event "Battle Creek (Insanity/5/4)"]
[Site "?"]
[Date "1984.??.??"]
[Round "?"]
[White "Brattin, Brian"]
[Black "Morris, Jason"]
[Result "1/2-1/2"]
[WhiteElo "1680"]
[BlackElo "1675"]
[PlyCount "111"]
[EventDate "1984.??.??"]

{5/(4)} 1. Nf3 Nf6 2. e3 g6 3. b3 Bg7 4. Bb2 d5 5. c4 dxc4 6. Bxc4 c5 7. Nc3
O-O 8. Qc2 Bf5 9. d3 Nc6 10. a3 a6 11. e4 Bg4 12. Nd5 e6 13. Nxf6+ Bxf6 14. e5
Bg7 15. a4 Bxf3 16. gxf3 Nxe5 17. Qe2 Nxc4 18. dxc4 Bxb2 19. Qxb2 Qd4 20. Qxd4
cxd4 21. O-O-O Rfd8 22. Rd3 Rac8 23. Rhd1 e5 24. f4 f6 25. fxe5 fxe5 26. f4
exf4 27. Rxd4 Rxd4 28. Rxd4 f3 29. Kd2 Rf8 30. Ke1 f2+ 31. Kf1 Rf7 32. Rd2 Kf8
33. Rxf2 Rxf2+ 34. Kxf2 Ke7 35. Ke3 Kd6 36. b4 h6 37. a5 Kc6 38. Ke4 Kd6 39. b5
axb5 40. cxb5 Kc5 41. a6 bxa6 42. bxa6 Kb6 43. Ke5 Kxa6 44. Kf6 h5 45. Kxg6 h4
46. Kh5 h3 47. Kh4 Kb6 48. Kxh3 Kc6 49. Kg4 Kd6 50. Kg5 Ke7 51. Kg6 Kf8 52. h4
Kg8 53. h5 Kh8 54. h6 Kg8 55. h7+ Kh8 56. Kh6 1/2-1/2

[Event "Plymouth (MI Op/4/27)"]
[Site "?"]
[Date "1984.??.??"]
[Round "?"]
[White "Brattin, Brian"]
[Black "Moody, David"]
[Result "0-1"]
[WhiteElo "1690"]
[BlackElo "1985"]
[PlyCount "50"]
[EventDate "1984.??.??"]

{4/(27)} 1. d4 Nf6 2. c4 c5 3. d5 e6 4. Nc3 exd5 5. cxd5 d6 6. e4 g6 7. Bc4 Bg7
8. Nge2 O-O 9. O-O a6 10. a4 Re8 11. f3 Nbd7 12. Be3 Ne5 13. Bb3 Rb8 14. Qd2
Qc7 15. Rfb1 b5 16. axb5 axb5 17. Bh6 Bxh6 18. Qxh6 c4 19. Bd1 Qc5+ 20. Kf1 Nd3
21. Qh4 Qe3 22. Nc1 g5 23. Nxd3 gxh4 24. Nb4 h3 25. g3 Nh5 0-1

[Event "Battle Creek (Insanity/1/1)"]
[Site "?"]
[Date "1984.??.??"]
[Round "?"]
[White "Brattin, Brian"]
[Black "Kulbacki, James"]
[Result "1-0"]
[WhiteElo "1680"]
[BlackElo "2000"]
[PlyCount "71"]
[EventDate "1984.??.??"]

{1/(1)} 1. Nf3 d5 2. e3 Nf6 3. c4 c6 4. Nc3 g6 5. d4 Bg7 6. b3 O-O 7. Qc2 Bf5
8. Bd3 Bxd3 9. Qxd3 Nbd7 10. Ba3 Re8 11. Rd1 e5 12. Nxe5 Nxe5 13. dxe5 Rxe5 14.
O-O Rh5 15. h3 Qd7 16. Qc2 Re8 17. cxd5 cxd5 18. Ne2 Ne4 19. Bb2 Bxb2 20. Qxb2
g5 21. f3 Rxh3 22. gxh3 Qxh3 23. fxe4 Rxe4 24. Nf4 Qxe3+ 25. Qf2 Qc3 26. Ng2
Qg7 27. Rde1 h5 28. Rxe4 dxe4 29. Qf5 Qd4+ 30. Kh1 Qg7 31. Qxe4 g4 32. Qe8+ Qf8
33. Qxf8+ Kxf8 34. Nf4 h4 35. Ng6+ Kg7 36. Nxh4 1-0

[Event "Plymouth (MI Op/2/23)"]
[Site "?"]
[Date "1984.??.??"]
[Round "?"]
[White "Brattin, Brian"]
[Black "Knecht, Mark"]
[Result "0-1"]
[WhiteElo "1690"]
[BlackElo "2105"]
[PlyCount "54"]
[EventDate "1984.??.??"]

{2/(23)} 1. Nf3 f5 2. e3 Nf6 3. d4 g6 4. c4 Bg7 5. Nc3 d6 6. b3 O-O 7. Ba3 c6
8. Qc2 Qa5 9. Bb2 e5 10. dxe5 dxe5 11. O-O-O Na6 12. a3 Bd7 13. h3 Qc7 14. Be2
Nc5 15. b4 Nce4 16. Nxe4 Nxe4 17. Bd3 a5 18. bxa5 Rxa5 19. Bxe4 fxe4 20. Qxe4
Bf5 21. Qh4 e4 22. Ng5 Bxb2+ 23. Kxb2 Qg7+ 24. Kb3 Rxa3+ 25. Kb4 Qb2+ 26. Kc5
Ra5+ 27. Kd6 Qe5# 0-1

[Event "East Detroit (MCO/6/38)"]
[Site "?"]
[Date "1984.??.??"]
[Round "?"]
[White "Brattin, Brian"]
[Black "Keeley, G.."]
[Result "1-0"]
[WhiteElo "1735"]
[BlackElo "1605"]
[PlyCount "81"]
[EventDate "1984.??.??"]

{6/(38)} 1. e4 c5 2. Nf3 d6 3. d4 cxd4 4. Nxd4 Nf6 5. Nc3 Nc6 6. f4 a6 7. Bc4
e6 8. Nxc6 bxc6 9. e5 Nd5 10. Bxd5 cxd5 11. exd6 Bxd6 12. Be3 O-O 13. Bd4 f6
14. Qf3 e5 15. Qxd5+ Be6 16. Qxe6+ Kh8 17. Ne4 Re8 18. Nxd6 Qa5+ 19. Bc3 Rxe6
20. Bxa5 exf4+ 21. Kf2 Rxd6 22. Rad1 Rc6 23. c3 g5 24. Rd8+ Rxd8 25. Bxd8 Rd6
26. Be7 Rd2+ 27. Kf3 Rxb2 28. Bxf6+ Kg8 29. Bxg5 Rxa2 30. Bxf4 a5 31. Rb1 a4
32. Bd6 a3 33. Rb3 Rb2 34. Rxa3 Rd2 35. Be5 Rd3+ 36. Ke4 Rd2 37. g4 Re2+ 38.
Kf5 Kf7 39. Ra7+ Ke8 40. Ke6 Kd8 41. Ra8# 1-0

[Event "Plymouth (MI Op/6/57)"]
[Site "?"]
[Date "1984.??.??"]
[Round "?"]
[White "Brattin, Brian"]
[Black "Gale, J.."]
[Result "1-0"]
[WhiteElo "1690"]
[BlackElo "1605"]
[PlyCount "43"]
[EventDate "1984.??.??"]

{6/(57)} 1. d4 d5 2. e3 Nf6 3. c4 e6 4. Nc3 Bb4 5. a3 Bxc3+ 6. bxc3 O-O 7. a4
a5 8. Ba3 Re8 9. Qc2 Nc6 10. f4 Ne4 11. Bd3 f5 12. c5 Qh4+ 13. g3 Nxg3 14. Qf2
g5 15. Qxg3 Qxg3+ 16. hxg3 gxf4 17. gxf4 Re7 18. Nf3 Bd7 19. Rb1 Rb8 20. Kf2
Nd8 21. c6 Be8 22. Bxe7 1-0

[Event "Battle Creek (Insanity/7/2)"]
[Site "?"]
[Date "1984.??.??"]
[Round "?"]
[White "Brattin, Brian"]
[Black "Brattin, Vincent"]
[Result "0-1"]
[WhiteElo "1680"]
[BlackElo "1865"]
[PlyCount "132"]
[EventDate "1984.??.??"]

{7/(2)} 1. Nf3 Nf6 2. e3 g6 3. d4 Bg7 4. Bd3 d6 5. c4 O-O 6. Qc2 Nc6 7. a3 Nh5
8. h3 f5 9. Nh2 Nf6 10. Nc3 e5 11. d5 Ne7 12. b4 e4 13. Be2 c6 14. dxc6 bxc6
15. Bb2 Be6 16. O-O-O Qc7 17. Nf1 d5 18. cxd5 Nexd5 19. Nd2 Rfc8 20. Nb3 Nxc3
21. Bxc3 Bxb3 22. Qxb3+ Kh8 23. Bd4 Rab8 24. Qc3 c5 25. bxc5 Qc6 26. Kd2 Ne8
27. Rc1 Rd8 28. Rhd1 Qa4 29. Ke1 Rdc8 30. Rb1 Qc6 31. Rb4 Nf6 32. Bc4 h6 33.
Rdb1 Rxb4 34. axb4 Rf8 35. Ra1 Qc7 36. Be5 Qb7 37. Qa3 Kh7 38. Qxa7 Qxb4+ 39.
Kd1 Rd8+ 40. Bd4 Qxc4 41. Qa2 Qxc5 42. Rc1 Qd5 43. Qxd5 Nxd5 44. Bxg7 Kxg7 45.
Ke2 Rd7 46. g4 Kf6 47. f3 Kg5 48. gxf5 gxf5 49. fxe4 fxe4 50. Rc6 h5 51. Re6
Nc3+ 52. Kf2 Rd2+ 53. Kf1 Re2 54. Rxe4 Nxe4 55. Kxe2 Ng3+ 56. Kf3 Kh4 57. Kg2
Ne4 58. Kf3 Kxh3 59. Kxe4 Kg3 60. Kd5 h4 61. e4 h3 62. e5 h2 63. e6 h1=Q+ 64.
Kd6 Qh8 65. Kd7 Qd4+ 66. Kc6 Qd8 0-1

[Event "East Detroit (MCO/1/38)"]
[Site "?"]
[Date "1984.??.??"]
[Round "?"]
[White "Bolter, C.."]
[Black "Sprague, A.."]
[Result "0-1"]
[WhiteElo "1605"]
[BlackElo "1730"]
[PlyCount "102"]
[EventDate "1984.??.??"]

{1/(38)} 1. Nf3 Nf6 2. c4 g6 3. g3 Bg7 4. Bg2 O-O 5. O-O d6 6. Nc3 c6 7. e4 Qc7
8. d4 Bg4 9. d5 Bxf3 10. Bxf3 Nbd7 11. Bd2 Ne5 12. Be2 h5 13. h3 cxd5 14. cxd5
a6 15. Rc1 Qb8 16. f4 Ned7 17. Be3 b5 18. Bf3 Nh7 19. Rf2 Rc8 20. Rfc2 Rc7 21.
Ne2 Rxc2 22. Rxc2 Qd8 23. Nd4 Bxd4 24. Bxd4 Rc8 25. Rc6 Nb8 26. Rxc8 Qxc8 27.
Bc3 Qxh3 28. Kf2 h4 29. Qd4 Qxg3+ 30. Ke3 Nf6 31. Ke2 Qxf4 32. e5 Qxd4 33. Bxd4
dxe5 34. Bxe5 Nbd7 35. Bc7 Kg7 36. b4 Ne8 37. Bf4 Nd6 38. Be3 Kf6 39. Bd4+ Kf5
40. Bf2 g5 41. Bh5 Nf6 42. Bf3 g4 43. Bh1 g3 44. Bg1 h3 45. Bf3 Ng4 46. Bc5 Ne5
47. Bd4 Nxf3 48. Kxf3 h2 49. Kg2 Ke4 50. Bc5 f5 51. Bb6 f4 0-1

[Event "East Detroit (MCO/6/42)"]
[Site "?"]
[Date "1984.??.??"]
[Round "?"]
[White "Bolter, C.."]
[Black "Safronoff, W.."]
[Result "1-0"]
[WhiteElo "1605"]
[BlackElo "1605"]
[PlyCount "123"]
[EventDate "1984.??.??"]

{6/(42)} 1. Nf3 Nc6 2. g3 e5 3. d3 Nf6 4. Bg2 d5 5. O-O Bc5 6. h3 O-O 7. Bg5 h6
8. Bxf6 Qxf6 9. Nc3 d4 10. Ne4 Qe7 11. Nxc5 Qxc5 12. Nd2 Be6 13. Ne4 Qe7 14. b3
b6 15. f4 Qd7 16. Kh2 Rad8 17. Qd2 f5 18. Nf2 a5 19. a4 Qd6 20. Nd1 Bd5 21. Nb2
Bxg2 22. Kxg2 Nb4 23. Nc4 Qd5+ 24. Kh2 e4 25. Qd1 e3 26. Rc1 Ra8 27. Ne5 Rf6
28. c4 dxc3 29. Rxc3 c5 30. Rf3 Qb7 31. Nc4 Nd5 32. Rc2 Re6 33. Ne5 Rc8 34. Rc4
b5 35. axb5 Qxb5 36. Qc2 Nb4 37. Qc1 Nd5 38. Qb2 Rb8 39. Qc2 Rc8 40. Ra4 Ra6
41. Qc4 Qb7 42. Rxe3 Kh7 43. Rf3 Nb6 44. Qb5 Rc7 45. Rxa5 Rxa5 46. Qxa5 Nd5 47.
Qa3 Qb8 48. e4 fxe4 49. dxe4 Nf6 50. Re3 Qb7 51. Qa4 Nd7 52. Nc4 Nf6 53. Qa2
Rd7 54. Qc2 Kg8 55. e5 Nd5 56. Re4 Nb4 57. Qe2 Rd3 58. e6 Rc3 59. e7 Qxe7 60.
Rxe7 Rc2 61. Re8+ Kh7 62. Nd2 1-0

[Event "East Detroit (MCO/2/42)"]
[Site "?"]
[Date "1984.??.??"]
[Round "?"]
[White "Bolter, C.."]
[Black "Praedel, R.."]
[Result "1-0"]
[WhiteElo "1605"]
[BlackElo "1605"]
[PlyCount "79"]
[EventDate "1984.??.??"]

{2/(42)} 1. Nf3 d5 2. c4 Nf6 3. g3 dxc4 4. Na3 Nc6 5. Nxc4 b5 6. Ne3 Bb7 7. Bg2
e6 8. O-O Bc5 9. a3 O-O 10. b4 Bb6 11. Bb2 Nb8 12. d4 Nd5 13. Nc2 Nd7 14. Re1
N7f6 15. e4 Ne7 16. Ne5 Nc6 17. Nxc6 Bxc6 18. e5 Bxg2 19. exf6 Bh3 20. fxg7
Kxg7 21. d5+ Kg8 22. dxe6 fxe6 23. Ne3 Qg5 24. Qd3 Rad8 25. Qc3 Bd4 26. Qc2
Bxb2 27. Qxb2 Rf7 28. Re2 Rfd7 29. Rae1 Rd3 30. f4 Qg6 31. Qe5 c6 32. Kf2 Rxa3
33. Qc5 Qe4 34. Qg5+ Kf8 35. Qxd8+ Kf7 36. Qd7+ Kf8 37. Qd6+ Kf7 38. Qe5 Qxb4
39. Qh5+ Kg8 40. Qxh3 1-0

[Event "East Detroit (MCO/4/41)"]
[Site "?"]
[Date "1984.??.??"]
[Round "?"]
[White "Bolter, C.."]
[Black "Lungu, C.."]
[Result "0-1"]
[WhiteElo "1605"]
[BlackElo "1605"]
[PlyCount "84"]
[EventDate "1984.??.??"]

{4/(41)} 1. Nf3 d6 2. c4 e6 3. g3 Nf6 4. Bg2 Be7 5. O-O h6 6. Nc3 O-O 7. d4 c6
8. e4 Bd7 9. h3 d5 10. cxd5 exd5 11. e5 Ne8 12. Kh2 Be6 13. Ne1 Qc8 14. f4 f5
15. Nf3 c5 16. Be3 cxd4 17. Nxd4 Bc5 18. Nxe6 Bxe3 19. Bxd5 Nc7 20. Nxc7+ Kh8
21. Ne6 Re8 22. Qb3 Nc6 23. Rad1 Bb6 24. Qc2 Rxe6 25. Bxe6 Qxe6 26. Rd6 Qf7 27.
Rfd1 Qh5 28. e6 Re8 29. Qe2 Qxe2+ 30. Nxe2 Bc7 31. R6d2 Rxe6 32. Nc3 Nb4 33. a3
Nc6 34. Rd7 Bb6 35. Rxb7 Nd4 36. Rxb6 Rxb6 37. Rxd4 Rxb2+ 38. Kg1 Rb3 39. Nd5
Rxg3+ 40. Kh2 Rxa3 41. Ne7 Ra2+ 42. Kg3 Ra3+ {[Remainder illegible; 0-1, 77?]}
0-1